| 000 | 00583nam a2200217Ia 4500 | ||
|---|---|---|---|
| 008 | 191130s1988##################000#0#eng## | ||
| 020 | _a9780820407456 | ||
| 022 | _a88008801 | ||
| 040 |
_aACL _cACL |
||
| 082 | _a301 WIN.59 | ||
| 100 | _aWinn, Janet | ||
| 245 |
_aThe open mind and sociology _cJanet Winn |
||
| 260 |
_aBern _bPeter Lang _cc1988 |
||
| 300 | _aviii, 197 p. ; 23 cm | ||
| 500 | _aIncludes index. Bibliography: p. [179]-194 | ||
| 650 | _aConcepts | ||
| 650 | _aSociology | ||
| 990 | _ab8cb81daac10000c1d8859460a63d7a5 | ||
| 991 | _a227115 | ||
| 999 |
_c294623 _d294623 |
||